|
|
|
|
| LEADER |
00000nas a22000007a 4500 |
| 001 |
ssj0026988 |
| 003 |
WaSeSS |
| 005 |
20200512172242.0 |
| 006 |
m d |
| 007 |
cr n |
| 008 |
050615d20042010njubr p s 0 a0eng |
| 010 |
|
|
|a 2012200622
|
| 022 |
|
|
|a 2169-0413
|y 1546-4636
|
| 035 |
|
|
|a (WaSeSS)ssj0026988
|
| 040 |
|
|
|a OCLCS
|b eng
|c OCLCS
|d HUA
|d TXJ
|d CO3
|d OCLCQ
|d DHU
|d DLC
|d OCLCO
|d OCLCQ
|d OCLCF
|d OCLCO
|d OCLCQ
|d VT2
|d WaSeSS
|
| 042 |
|
|
|a pcc
|a nsdp
|
| 043 |
|
|
|a n-us---
|
| 050 |
|
4 |
|a LB1028.3
|b .M86
|
| 082 |
1 |
0 |
|a 371.3/078/05
|2 14
|
| 082 |
0 |
4 |
|a 371.33
|b M96 S3
|
| 130 |
0 |
|
|a MultiMedia & internet@schools (Online)
|
| 222 |
|
0 |
|a Multimedia & internet@schools
|b (Online)
|
| 245 |
1 |
0 |
|a MultiMedia & internet@schools
|h [electronic resource].
|
| 246 |
3 |
|
|a Multimedia and internet@schools
|
| 246 |
3 |
|
|a Multimedia and internet at schools
|
| 246 |
3 |
|
|a Multi media and internet at schools
|
| 246 |
3 |
|
|a Multimedia & internet at schools
|
| 260 |
|
|
|a Medford, N.J. :
|b Information Today, Inc.,
|c ©2004-©2010.
|
| 310 |
|
|
|a Six no. a year
|
| 362 |
1 |
|
|a Print began with v. 11, no. 1 (Jan./Feb. 2004); ceased with v. 17, no. 6 (Nov./Dec. 2010).
|
| 506 |
|
|
|a License restrictions may limit access.
|
| 520 |
|
|
|a "Reviews new titles, evaluates hardware and software, offers technical advice and troubleshooting tips, profiles high-tech installations."
|
| 538 |
|
|
|a Mode of access: World Wide Web.
|
| 588 |
|
|
|a Description based on: Vol. 11, no. 1 (Jan./Feb. 2004); title from caption (InfoToday.com, viewed Aug. 1, 2012).
|
| 588 |
|
|
|a Latest issue consulted: Vol. 17, no. 6 (Nov./Dec. 2010) (viewed Aug. 1, 2012).
|
| 650 |
|
0 |
|a Educational technology
|z United States
|v Periodicals.
|
| 650 |
|
0 |
|a Computer-assisted instruction
|z United States
|v Periodicals.
|
| 650 |
|
0 |
|a Media programs (Education)
|z United States
|v Periodicals.
|
| 650 |
|
0 |
|a Internet in education
|z United States
|v Periodicals.
|
| 650 |
|
7 |
|a Computer-assisted instruction.
|2 fast
|0 (OCoLC)fst00872725
|
| 650 |
|
7 |
|a Educational technology.
|2 fast
|0 (OCoLC)fst00903623
|
| 650 |
|
7 |
|a Internet in education.
|2 fast
|0 (OCoLC)fst00977246
|
| 650 |
|
7 |
|a Media programs (Education)
|2 fast
|0 (OCoLC)fst01013580
|
| 651 |
|
7 |
|a United States.
|2 fast
|0 (OCoLC)fst01204155
|
| 655 |
|
0 |
|a Electronic journals.
|
| 776 |
0 |
8 |
|i Print version:
|t MultiMedia & internet@schools
|x 1546-4636
|w (DLC) 2003215482
|w (OCoLC)53008037
|
| 780 |
0 |
0 |
|t MultiMedia schools
|
| 856 |
4 |
0 |
|z Full text available from Research Library: 01/01/2004 to 12/31/2010
|u https://search.proquest.com/publication/29385
|